[Event "RLP Seniors op 17th"]
[Site "Neustadt an der Weinstrasse"]
[Date "2019.07.20"]
[Round "1"]
[White "Kalkmann, Hans"]
[Black "Syre, Christian"]
[Result "0-1"]
[WhiteElo "1858"]
[BlackElo "2204"]
[PlyCount "56"]
[EventDate "2019.07.20"]
[EventType "swiss"]
[EventRounds "9"]
[EventCountry "GER"]
[SourceTitle "CBM 192 Extra"]
[Source "Chessbase"]
[SourceDate "2019.11.06"]
[SourceVersion "1"]
[SourceVersionDate "2019.11.06"]
[SourceQuality "1"]

1. Nf3 Nf6 2. b3 d5 3. Bb2 Bf5 4. e3 e6 5. d4 Nbd7 6. Bd3 Bb4+ 7. c3 Bd6 8. Bxf5 exf5 9. 0-0 0-0 10. c4 Re8 11. Qc2 Ne4 12. Nbd2 c6 13. g3 Re6 14. Rfe1 Qe7 15. Nh4 Qf6 16. Ng2 Rae8 17. Nf1 Ng5 18. Qe2 Nh3+ 19. Kh1 g5 20. Rec1 Qg6 21. Rc2 f4 22. Rac1 Nf6 23. cxd5 cxd5 24. gxf4 gxf4 25. Qf3 Ng5 26. Qd1 f3 27. Ne1 Nfe4 28. Nxf3 Nh3 0-1

[Event "Rheinland Pfalz op Seniors 15th"]
[Site "Neustadt an der Weinstrasse"]
[Date "2017.07.21"]
[Round "7"]
[White "Kalkmann, Hans"]
[Black "Daitche, Josef"]
[Result "1-0"]
[WhiteElo "1914"]
[BlackElo "1706"]
[PlyCount "125"]
[EventDate "2017.07.15"]
[EventType "swiss"]
[EventRounds "9"]
[EventCountry "GER"]
[SourceTitle "EXT 2018"]
[Source "ChessBase"]
[SourceDate "2017.10.13"]
[SourceVersion "1"]
[SourceVersionDate "2017.10.13"]
[SourceQuality "1"]

1. Nf3 d6 2. d4 g6 3. g3 Bg7 4. Bg2 c6 5. 0-0 Bg4 6. c3 Nd7 7. Qb3 Qb6 8. Nbd2 Qxb3 9. axb3 Bh6 10. Re1 Ngf6 11. e4 0-0 12. h3 Bxf3 13. Bxf3 e5 14. d5 Bxd2 15. Bxd2 Nc5 16. Ra3 cxd5 17. exd5 e4 18. Bg2 Rfe8 19. c4 Nd3 20. Re2 b5 21. Bg5 Kg7 22. Ra6 bxc4 23. bxc4 h6 24. Bxf6+ Kxf6 25. Rxd6+ Ke7 26. Ra6 Nc5 27. Ra5 Kd6 28. b4 Nd3 29. Ra6+ Kd7 30. Rxe4 Rxe4 31. Bxe4 Nxb4 32. Ra4 a5 33. c5 f5 34. Bb1 Nxd5 35. g4 fxg4 36. hxg4 g5 37. Rc4 Kc6 38. Be4 Rd8 39. Rc1 Kb5 40. c6 Nc7 41. Rb1+ Kc5 42. f3 a4 43. Rc1+ Kb4 44. Rb1+ Kc3 45. Rb7 a3 46. Rxc7 a2 47. Ra7 Rd1+ 48. Kf2 Kb2 49. c7 Rc1 50. Rb7+ Ka3 51. Bf5 Rf1+ 52. Ke2 Re1+ 53. Kd3 Rd1+ 54. Kc4 Rc1+ 55. Kd5 Rxc7 56. Rxc7 a1Q 57. Ra7+ Kb2 58. Rxa1 Kxa1 59. Ke5 Kb2 60. Kf6 Kc3 61. Kg6 Kd4 62. Kxh6 Ke3 63. Be4 1-0

[Event "Rheinland Pfalz op Seniors 15th"]
[Site "Neustadt an der Weinstrasse"]
[Date "2017.07.18"]
[Round "4"]
[White "Villing, Dieter"]
[Black "Kalkmann, Hans"]
[Result "1-0"]
[WhiteElo "2032"]
[BlackElo "1914"]
[PlyCount "92"]
[EventDate "2017.07.15"]
[EventType "swiss"]
[EventRounds "9"]
[EventCountry "GER"]
[SourceTitle "EXT 2018"]
[Source "ChessBase"]
[SourceDate "2017.10.13"]
[SourceVersion "1"]
[SourceVersionDate "2017.10.13"]
[SourceQuality "1"]

1. e4 c6 2. d4 d5 3. e5 Bf5 4. c4 dxc4 5. Bxc4 e6 6. Nc3 Nd7 7. Nge2 Nb6 8. Bb3 Nd5 9. Nxd5 exd5 10. 0-0 Qd7 11. Ng3 0-0-0 12. Nxf5 Qxf5 13. Bc2 Qd7 14. Qf3 Kb8 15. Bf5 Qe7 16. a3 g6 17. Bd3 Qe6 18. Bg5 Be7 19. Bxe7 Nxe7 20. b4 h5 21. a4 Rc8 22. Rfc1 Rc7 23. Rc2 Rhc8 24. Rac1 Ng8 25. b5 cxb5 26. Rxc7 Rxc7 27. Rxc7 Kxc7 28. axb5 Ne7 29. h3 Nf5 30. Qf4 Ne7 31. Qc1+ Kd8 32. Qc5 b6 33. Qa3 Qd7 34. Be2 Ke8 35. Kh2 Kf8 36. g4 hxg4 37. hxg4 Ke8 38. f4 Qc7 39. Qb2 Kf8 40. Kg3 Ke8 41. Qd2 Qd7 42. Qc2 Kd8 43. Bd3 Qc7 44. Qxc7+ Kxc7 45. f5 Kd7 46. f6 Nc8 1-0

[Event "Rheinland Pfalz op Seniors 15th"]
[Site "Neustadt an der Weinstrasse"]
[Date "2017.07.17"]
[Round "3"]
[White "Esterluss, Johannes"]
[Black "Kalkmann, Hans"]
[Result "1/2-1/2"]
[WhiteElo "2017"]
[BlackElo "1914"]
[PlyCount "36"]
[EventDate "2017.07.15"]
[EventType "swiss"]
[EventRounds "9"]
[EventCountry "GER"]
[SourceTitle "EXT 2018"]
[Source "ChessBase"]
[SourceDate "2017.10.13"]
[SourceVersion "1"]
[SourceVersionDate "2017.10.13"]
[SourceQuality "1"]

1. d4 d5 2. Nf3 Nf6 3. e3 c6 4. Bd3 g6 5. Nbd2 Bg7 6. 0-0 0-0 7. b3 Nbd7 8. Bb2 b6 9. Qe2 Bb7 10. c4 e6 11. Rac1 Rc8 12. cxd5 cxd5 13. Ba3 Re8 14. Ba6 Rxc1 15. Rxc1 Qb8 16. Bb5 Rc8 17. Qf1 Rxc1 18. Qxc1 Qc8 1/2-1/2

[Event "Schleswig Holstein-ch Seniors op 10th"]
[Site "Buesum"]
[Date "2016.10.02"]
[Round "7"]
[White "Kalkmann, Hans"]
[Black "Villing, Dieter"]
[Result "1/2-1/2"]
[WhiteElo "1979"]
[BlackElo "2128"]
[PlyCount "37"]
[EventDate "2016.09.26"]
[EventType "swiss"]
[EventRounds "9"]
[EventCountry "GER"]
[SourceTitle "EXT 2019"]
[Source "ChessBase"]
[SourceDate "2018.10.10"]
[SourceVersion "1"]
[SourceVersionDate "2018.10.10"]
[SourceQuality "1"]

1. Nf3 Nf6 2. d4 e6 3. g3 c5 4. e3 Nc6 5. Bg2 d5 6. 0-0 Ne4 7. Nfd2 cxd4 8. exd4 Nd6 9. c3 Be7 10. Re1 h5 11. Nf3 h4 12. Bf4 hxg3 13. hxg3 Ne4 14. Nbd2 g5 15. Be3 g4 16. Ne5 Nf6 17. Nxg4 Bd7 18. Nxf6+ Bxf6 19. Bf4 1/2-1/2

[Event "Rheinland Pfalz op Seniors 13th"]
[Site "Neustadt an der Weinstrasse"]
[Date "2015.07.11"]
[Round "2"]
[White "Kalkmann, Hans"]
[Black "Ortinau, Helmut"]
[Result "1/2-1/2"]
[WhiteElo "1991"]
[BlackElo "2162"]
[PlyCount "51"]
[EventDate "2015.07.10"]
[EventType "swiss"]
[EventRounds "7"]
[EventCountry "GER"]
[SourceTitle "EXT 2019"]
[Source "ChessBase"]
[SourceDate "2018.10.10"]
[SourceVersion "1"]
[SourceVersionDate "2018.10.10"]
[SourceQuality "1"]

1. Nf3 c5 2. c3 Nf6 3. d4 b6 4. g3 Bb7 5. Bg2 g6 6. 0-0 Bg7 7. dxc5 bxc5 8. Qb3 Qb6 9. Nbd2 0-0 10. Qc2 d6 11. Re1 Nc6 12. e4 Ng4 13. Nc4 Qc7 14. h3 Nge5 15. Ncxe5 Nxe5 16. Nxe5 Bxe5 17. f4 Bg7 18. Kh2 e6 19. c4 Qb6 20. Bd2 Bd4 21. Rad1 Rfd8 22. Bc3 Rac8 23. Qd2 Bxc3 24. Qxc3 Rd7 25. Rd2 Qb4 26. Rc1 1/2-1/2

[Event "Bayern-ch Seniors op 27th"]
[Site "Bergen"]
[Date "2015.06.15"]
[Round "1"]
[White "Garms, Ilse"]
[Black "Kalkmann, Hans"]
[Result "0-1"]
[WhiteElo "1553"]
[BlackElo "1859"]
[PlyCount "106"]
[EventDate "2015.06.15"]
[EventType "swiss"]
[EventRounds "9"]
[EventCountry "GER"]
[SourceTitle "EXT 2019"]
[Source "ChessBase"]
[SourceDate "2018.10.10"]
[SourceVersion "1"]
[SourceVersionDate "2018.10.10"]
[SourceQuality "1"]

1. d4 e6 2. Nf3 f5 3. Bg5 Be7 4. Bxe7 Qxe7 5. c3 b6 6. e3 Bb7 7. Nbd2 Nf6 8. Be2 0-0 9. 0-0 d6 10. Qb3 Nbd7 11. a4 a5 12. Rac1 Kh8 13. Rfd1 Ne4 14. Qc2 Nxd2 15. Nxd2 e5 16. Bf3 e4 17. Be2 Nf6 18. Nf1 Qe6 19. b3 g6 20. c4 Nd7 21. Qc3 Qf6 22. d5 h5 23. Qxf6+ Rxf6 24. f3 exf3 25. Bxf3 Re8 26. Rc3 Nc5 27. Nd2 Rf7 28. Re1 Rfe7 29. Kf2 f4 30. e4 Bc8 31. g3 fxg3+ 32. Kxg3 Kg7 33. Rce3 Kh6 34. h4 g5 35. hxg5+ Kxg5 36. Rh1 Bg4 37. Bxg4 hxg4 38. Rhe1 Rh8 39. Kg2 Nd7 40. Rf1 Ne5 41. Rf5+ Kg6 42. Rg3 Rh5 43. Rxh5 Kxh5 44. Re3 Kg5 45. Kg3 Rh7 46. Re2 Rh3+ 47. Kg2 Nd3 48. Nf1 Nf4+ 49. Kf2 Nxe2 50. Kxe2 Rxb3 51. Ne3 Kf4 52. Nf1 Rb2+ 53. Kd3 g3 0-1

[Event "Bayern-ch Seniors op 27th"]
[Site "Bergen"]
[Date "2015.06.15"]
[Round "2"]
[White "Kalkmann, Hans"]
[Black "Schmidt, Gerhard3333"]
[Result "0-1"]
[WhiteElo "1859"]
[BlackElo "2131"]
[PlyCount "36"]
[EventDate "2015.06.15"]
[EventType "swiss"]
[EventRounds "9"]
[EventCountry "GER"]
[SourceTitle "EXT 2019"]
[Source "ChessBase"]
[SourceDate "2018.10.10"]
[SourceVersion "1"]
[SourceVersionDate "2018.10.10"]
[SourceQuality "1"]

1. d4 Nf6 2. Nf3 d5 3. g3 Bf5 4. Bg2 e6 5. 0-0 h6 6. Ne1 c5 7. c3 cxd4 8. cxd4 Nc6 9. e3 Be7 10. Bd2 0-0 11. Bc3 b5 12. a3 a5 13. Nd3 b4 14. Be1 Qb6 15. f4 bxa3 16. Nxa3 Bxd3 17. Qxd3 Qxb2 18. Rb1 Qxa3 0-1

[Event "Hessen-ch Seniors op 11th"]
[Site "Bad Sooden-Allendorf"]
[Date "2015.05.17"]
[Round "9"]
[White "Kalkmann, Hans"]
[Black "Villing, Dieter"]
[Result "1-0"]
[WhiteElo "1953"]
[BlackElo "2113"]
[PlyCount "83"]
[EventDate "2015.05.09"]
[EventType "swiss"]
[EventRounds "9"]
[EventCountry "GER"]
[SourceTitle "EXT 2018"]
[Source "ChessBase"]
[SourceDate "2017.10.13"]
[SourceVersion "1"]
[SourceVersionDate "2017.10.13"]
[SourceQuality "1"]

1. Nf3 d6 2. d4 Bg4 3. Nbd2 Nd7 4. h3 Bh5 5. e4 e6 6. Be2 Ngf6 7. 0-0 Be7 8. c3 0-0 9. Ne1 Bg6 10. Bf3 d5 11. Qe2 c5 12. e5 Ne8 13. Bh5 Qb6 14. Bxg6 hxg6 15. Ndf3 f6 16. Nd3 g5 17. dxc5 Qa6 18. Re1 fxe5 19. Ndxe5 Qxe2 20. Rxe2 Nxe5 21. Nxe5 Bd8 22. Nf3 g4 23. hxg4 Nf6 24. Nd4 Nxg4 25. f3 Nf6 26. Nxe6 Re8 27. Nd4 Rxe2 28. Nxe2 Be7 29. Be3 Rc8 30. b4 Nd7 31. Rd1 Nf6 32. Bd4 a6 33. Kf2 Ne8 34. Be5 Rd8 35. Nf4 Nf6 36. Bxf6 Bxf6 37. Nxd5 Kf7 38. Ke3 Re8+ 39. Kd3 Bh4 40. Rd2 Re1 41. Re2 Rb1 42. Kc4 1-0

[Event "Hessen-ch Seniors op 11th"]
[Site "Bad Sooden-Allendorf"]
[Date "2015.05.16"]
[Round "8"]
[White "Kahn, Peter"]
[Black "Kalkmann, Hans"]
[Result "1/2-1/2"]
[WhiteElo "2108"]
[BlackElo "1953"]
[PlyCount "40"]
[EventDate "2015.05.09"]
[EventType "swiss"]
[EventRounds "9"]
[EventCountry "GER"]
[SourceTitle "EXT 2018"]
[Source "ChessBase"]
[SourceDate "2017.10.13"]
[SourceVersion "1"]
[SourceVersionDate "2017.10.13"]
[SourceQuality "1"]

1. e4 c6 2. c4 d5 3. exd5 cxd5 4. d4 dxc4 5. Bxc4 e6 6. Nf3 Nf6 7. Nc3 Be7 8. 0-0 0-0 9. Qe2 Nbd7 10. Bg5 Nb6 11. Bb3 Nfd5 12. Bxe7 Nxe7 13. Rac1 Nbd5 14. Rfd1 b6 15. Qe5 Bb7 16. Bc2 Nf6 17. Ng5 h6 18. Nge4 Nxe4 19. Bxe4 Bxe4 20. Qxe4 Rc8 1/2-1/2

[Event "Schleswig Holstein-ch Seniors op"]
[Site "Buesum"]
[Date "2014.09.25"]
[Round "1"]
[White "Lachat, Martin"]
[Black "Kalkmann, Hans"]
[Result "0-1"]
[WhiteElo "1610"]
[BlackElo "1944"]
[PlyCount "58"]
[EventDate "2014.09.25"]
[EventType "swiss"]
[EventRounds "9"]
[EventCountry "GER"]
[SourceTitle "EXT 2018"]
[Source "ChessBase"]
[SourceDate "2017.10.13"]
[SourceVersion "1"]
[SourceVersionDate "2017.10.13"]
[SourceQuality "1"]

1. c4 e6 2. Nc3 Bb4 3. Qc2 f5 4. a3 Bxc3 5. Qxc3 Nf6 6. d3 b6 7. Bg5 0-0 8. e4 h6 9. Bxf6 Rxf6 10. g3 Bb7 11. Bg2 Rf8 12. Ne2 d6 13. Nf4 Qe7 14. Ng6 Qf6 15. Nxf8 Qxc3+ 16. bxc3 Kxf8 17. 0-0 fxe4 18. Bxe4 Bxe4 19. dxe4 Nd7 20. f4 Ke7 21. Kf2 e5 22. f5 Nf6 23. Kf3 h5 24. h3 Nh7 25. h4 Nf6 26. Kg2 Nxe4 27. Rf3 Nd2 28. Rf2 Nxc4 29. Raf1 Ne3+ 0-1